000 02667nam0a2200445 4500
001 RU\NLR\bibl\970300
005 20260407142235.0
010 _a5-9532-0378-0
_bВ пер.
_93000
021 _aRU
_b2006-30118
_91501
035 _a(nilc)RSL-KNO-002890167
035 _a(NLR Aleph) 000958263
090 _a323015
_c323015
100 _a20060524d2006 |||y0rusy50 ca
101 0 _arus
102 _aRU
105 _aa |||||||||
106 _ar
200 1 _aОрганизация, нормирование и оплата труда на предприятиях АПК
_eучеб. для студентов вузов, обучающихся по специальности 080502 "Экономика и упр. на предприятии АПК"
_f[Ю. Н. Шумаков, В.И. Еремин, С.В. Жариков, В.Б. Панов]
_gпод ред. Ю. Н. Шумакова
_gМеждунар. ассоц. "Агрообразование"
210 _aМосква
_cКолосС
_d2006
215 _a303, [1] с.
_cил., табл.
_d21
300 _aАвт. указаны на обороте тит. л.
606 1 _aАгропромышленные комплексы
_jУчебники для высших учебных заведений
_xЗаработная плата
_92213630
_3RU\NLR\auth\661329665
606 1 _aАгропромышленные комплексы
_jУчебники для высших учебных заведений
_xНормирование труда
_92213634
_3RU\NLR\auth\661329667
606 1 _aАгропромышленные комплексы
_jУчебники для высших учебных заведений
_xОрганизация труда
_92402571
_3RU\NLR\auth\661432049
610 0 _aЭкономика -- Российская Федерация -- Сельское хозяйство -- Агропромышленный комплекс -- Труд
686 _aУ9(2)320-434-64я73-1
_2rubbk
686 _aУ32(2)-645я73
686 _aУ32(2)-642я73
701 1 _aШумаков
_bЮ. Н.
_gЮрий Николаевич
_4070
701 1 _aЕремин
_bВ. И.
_gВасилий Иосифович
_4070
701 1 _aЖариков
_bС. В.
_gСергей Владимирович
_4070
701 1 _aПанов
_bВ. Б.
_gВасилий Борисович
_4070
712 0 2 _4570
_a"Агрообразование", международная ассоциация
_3RU\NLR\AUTH\8810085366
_9672718
801 0 _aRU
_bРКП
_c20060524
_grcr
801 1 _aRU
_bРГБ
_c20060524
801 2 _aRU
_bNLR
_c20060726
_grcr
830 _aпо кн
942 _cBOOK
980 _aNB